Statistics for Name the Country #5

Click here to take the quiz!

General Stats

  • This quiz has been taken 29 times
  • The average score is 14 of 20

Answer Stats

Answer% Correct
Italy
96%
Indonesia
93%
Norway
93%
Croatia
89%
France
89%
Cuba
85%
Senegal
85%
Brazil
81%
Haiti
81%
Denmark
74%
Myanmar
74%
Iran
67%
Mali
67%
Kazakhstan
63%
Bangladesh
59%
D.R. Congo
59%
Ukraine
59%
Qatar
44%
North Korea
41%
Rep. of the Congo
41%

Score Distribution

Percentile by Number Answered

Percent of People with Each Score

Your Score History

You have not taken this quiz